000 00662nam a2200229 i 4500
001 C2-0137764
003 PPAK
005 20180727124402.0
008 971218s1989 my |||| ||||| | may d
040 _aPPAK
_beng
_cPPAK
_erda
082 0 4 _a899.23
_223
090 0 0 _a899.23
_bSUT
_dKK
100 0 _aSutung Umar rs,
_eauthor
245 1 0 _aPuisi Jamaluddin dan Zakiah Bahari :
_bsekadar pandangan sekilas
264 1 _a[Kuala Lumpur] :
_b[Dewan Bahasa dan Pustaka] ,
_c1989
300 _a[3 pages] ;
_c30 cm
336 _2rdacontent
_atext
337 _2rdamedia
_aunmediated
338 _2rdacarrier
_avolume
650 1 0 _aMalay literature
942 _ddc
_cB
999 _c43127
_d43127